NLSUI OPAC header image

GST law and procedure Vol. I to Vol. 3 (Record no. 112531)

MARC details
000 -LEADER
fixed length control field 01414nam a22002057a 4500
003 - CONTROL NUMBER IDENTIFIER
control field OSt
005 - DATE AND TIME OF LATEST TRANSACTION
control field 20250109164008.0
008 - FIXED-LENGTH DATA ELEMENTS--GENERAL INFORMATION
fixed length control field 190125b2019 ||||| |||| 00| 0 eng
020 ## - INTERNATIONAL STANDARD BOOK NUMBER
International Standard Book Number 9789388313926
040 ## - CATALOGING SOURCE
Transcribing agency nls
082 ## - DEWEY DECIMAL CLASSIFICATION NUMBER
Classification number 343.0558 BAT-I
100 ## - MAIN ENTRY--PERSONAL NAME
Personal name Batra Ashok
245 ## - TITLE STATEMENT
Title GST law and procedure Vol. I to Vol. 3
250 ## - EDITION STATEMENT
Edition statement 3rd Ed
260 ## - PUBLICATION, DISTRIBUTION, ETC.
Place of publication, distribution, etc. Haryana
Name of publisher, distributor, etc. Wolter Kluwer
Date of publication, distribution, etc. 2019
300 ## - PHYSICAL DESCRIPTION
Extent HB
505 ## - FORMATTED CONTENTS NOTE
Formatted contents note Description : <br/>Goods and Services Tax [‘GST’], the much talked about and the most awaited indirect Tax reform in the history of independent India has been implemented with effect from 01.07.2017. In order to thoroughly understand nities and gritties of the new tax regime, requirement of a comprehensive book in simple and lucid language can not be ruled out. Keeping in view the aforesaid objective, the present three volume book is being published. Since the salient features of the book are highlighted on the cover-page of the book, they are given here again. However, it is necessary to add here that the greatest strength of the book lies in its examples on applicability of substantial number of applicable statutory provisions and rules. It is expected that the examples shall go a long way in imparting better understanding of the complicated provisions and rules.
600 ## - SUBJECT ADDED ENTRY--PERSONAL NAME
Personal name Goods - Service Tax - Practice & Procedures
-- Service Tax Law - Practice
942 ## - ADDED ENTRY ELEMENTS (KOHA)
Source of classification or shelving scheme Dewey Decimal Classification
Koha item type BOOKs
Holdings
Withdrawn status Lost status Source of classification or shelving scheme Materials specified (bound volume or other part) Damaged status Not for loan Home library Current library Shelving location Date acquired Source of acquisition Cost, normal purchase price Total Checkouts Full call number Barcode Date last seen Date last checked out Price effective from Koha item type
    Dewey Decimal Classification HB     NLS NLS   25/01/2019 Purchased 5290.00 1 343.0558 BAT-I 36945 14/06/2024 11/08/2023 25/01/2019 BOOKs
    Dewey Decimal Classification HB     NLS NLS General Stacks 25/01/2019 Purchased 5290.00 3 343.0558 BAT-II 36946 05/08/2023 29/07/2023 25/01/2019 BOOKs
    Dewey Decimal Classification HB     NLS NLS   25/01/2019 Purchased 5290.00 1 343.0558 BAT-III 36947 28/09/2022 28/09/2022 25/01/2019 BOOKs